[Event "IND-chT 44th"]
[Site "Ahmedabad"]
[Date "2025.03.11"]
[Round "9.4"]
[White "Anadkat, Kartavya"]
[Black "Nandha Kumar, K."]
[Result "1-0"]
[WhiteElo "2175"]
[BlackElo "1846"]
[PlyCount "55"]
[EventDate "2025.03.05"]
[EventType "team-swiss"]
[EventRounds "9"]
[EventCountry "IND"]
[SourceTitle "CB12_2025"]
[SourceDate "2025.03.19"]
[SourceVersion "1"]
[SourceVersionDate "2025.03.19"]
[SourceQuality "1"]
[WhiteTeam "Gujarat"]
[BlackTeam "Tamil Nadu"]
[WhiteTeamCountry "IND"]
[BlackTeamCountry "IND"]

1. e4 c5 2. Nf3 d6 3. d4 cxd4 4. Nxd4 Nf6 5. Nc3 g6 6. Be3 Bg7 7. f3 0-0 8. Qd2 Nc6 9. g4 Be6 10. Nxe6 fxe6 11. 0-0-0 Ne5 12. Be2 Qc8 13. h4 Nc4 14. Bxc4 Qxc4 15. Bh6 b5 16. Bxg7 Kxg7 17. h5 b4 18. hxg6 hxg6 19. e5 bxc3 20. Qh6+ Kf7 21. exf6 Kxf6 22. g5+ Kf7 23. Rh4 cxb2+ 24. Kb1 Qc3 25. Rf4+ Kg8 26. Qxg6+ Qg7 27. Qxe6+ Rf7 28. g6 1-0

[Event "IND-chT 44th"]
[Site "Ahmedabad"]
[Date "2025.03.07"]
[Round "4.4"]
[White "Nandha Kumar, K."]
[Black "Chukka, Vineel Radha Karthi"]
[Result "1/2-1/2"]
[WhiteElo "1846"]
[BlackElo "1925"]
[PlyCount "87"]
[EventDate "2025.03.05"]
[EventType "team-swiss"]
[EventRounds "9"]
[EventCountry "IND"]
[SourceTitle "CB12_2025"]
[SourceDate "2025.03.19"]
[SourceVersion "1"]
[SourceVersionDate "2025.03.19"]
[SourceQuality "1"]
[WhiteTeam "Tamil Nadu"]
[BlackTeam "Andhra Pradesh"]
[WhiteTeamCountry "IND"]
[BlackTeamCountry "IND"]

1. d4 d5 2. c4 c6 3. cxd5 cxd5 4. Nc3 Nf6 5. Bf4 Nc6 6. e3 a6 7. Nf3 Bg4 8. Be2 e6 9. Qb3 Bxf3 10. gxf3 Bd6 11. Qxb7 Na5 12. Qxa8 Qxa8 13. Bxd6 Nd7 14. b3 Qc6 15. Bb4 Qb6 16. Ba3 Nc6 17. 0-0 e5 18. Rac1 Qa5 19. Na4 Nd8 20. dxe5 h5 21. Rfd1 Rh6 22. Rd4 Rg6+ 23. Kf1 Nc6 24. Bd6 Ndxe5 25. Rc5 Qd8 26. Bxe5 Nxd4 27. Bxd4 Qh4 28. Bd3 Qh3+ 29. Ke2 Rg1 30. e4 dxe4 31. Bxe4 Qf1+ 32. Ke3 Qe1+ 33. Kf4 Qd2+ 34. Be3 Qd6+ 35. Re5+ Kd8 36. Bf5 Kc7 37. Bb6+ Kb7 38. Bc5 g5+ 39. Ke4 Re1+ 40. Be3 Qc6+ 41. Kd3 Qd6+ 42. Ke4 Qc6+ 43. Kd3 Qd6+ 44. Ke4 1/2-1/2

[Event "Tamil Nadu-ch 68th"]
[Site "Tirunelveli"]
[Date "2021.04.01"]
[Round "8"]
[White "Nandha Kumar, K."]
[Black "Pranav, V."]
[Result "0-1"]
[WhiteElo "1740"]
[BlackElo "2348"]
[PlyCount "116"]
[EventDate "2021.03.29"]
[EventType "swiss"]
[EventRounds "9"]
[EventCountry "IND"]
[SourceTitle "EXT 2022"]
[Source "ChessBase"]
[SourceDate "2021.10.06"]
[SourceVersion "1"]
[SourceVersionDate "2021.10.06"]
[SourceQuality "1"]

1. d4 Nf6 2. Nf3 e6 3. Bf4 c5 4. e3 cxd4 5. exd4 b6 6. Bd3 Bb7 7. c3 Be7 8. Nbd2 d6 9. Qc2 a6 10. a4 Nh5 11. Bg3 Nd7 12. Be4 Bxe4 13. Qxe4 Ndf6 14. Qc6+ Kf8 15. 0-0 Nxg3 16. hxg3 g6 17. Rfe1 Nd5 18. Qc4 Kg7 19. Nf1 h5 20. Ne3 Nxe3 21. Rxe3 Qd7 22. Qd3 b5 23. axb5 axb5 24. Ree1 Bf6 25. Qe4 Qc8 26. Qxa8 Qxa8 27. Rxa8 Rxa8 28. Kf1 Ra2 29. Rb1 g5 30. Ke2 b4 31. Nd2 d5 32. Kd3 bxc3 33. Kxc3 Kg6 34. b4 Bd8 35. Rb2 Ra3+ 36. Nb3 Kf5 37. Rb1 Bb6 38. Kb2 Ra4 39. Kc3 Ra2 40. Rb2 Ra7 41. Rb1 e5 42. Rb2 f6 43. Kd3 Ra3 44. dxe5 fxe5 45. f3 Bf2 46. b5 Bb6 47. Ke2 g4 48. Kd3 Kg5 49. Ke2 Kf5 50. Kd3 Kg5 51. Ke2 h4 52. gxh4+ Kxh4 53. Nd2 gxf3+ 54. Nxf3+ Kg3 55. Ne1 d4 56. Nf3 d3+ 57. Kd2 e4 58. Rb4 Ba5 0-1

[Event "Tamil Nadu-ch 68th"]
[Site "Tirunelveli"]
[Date "2021.04.01"]
[Round "7"]
[White "Nandha Kumar, K."]
[Black "Subramanian, RM."]
[Result "1-0"]
[WhiteElo "1740"]
[BlackElo "1810"]
[PlyCount "49"]
[EventDate "2021.03.29"]
[EventType "swiss"]
[EventRounds "9"]
[EventCountry "IND"]
[SourceTitle "EXT 2022"]
[Source "ChessBase"]
[SourceDate "2021.10.06"]
[SourceVersion "1"]
[SourceVersionDate "2021.10.06"]
[SourceQuality "1"]

1. d4 d6 2. Nf3 Bg4 3. Bf4 Nf6 4. h3 Bh5 5. Nc3 c6 6. Qd2 e6 7. e4 Be7 8. 0-0-0 0-0 9. g4 Bg6 10. Bd3 d5 11. e5 Nfd7 12. h4 c5 13. Bxg6 fxg6 14. Ng5 Bxg5 15. Bxg5 Qb6 16. dxc5 Qxc5 17. Be3 Qa5 18. f4 Nb6 19. Bxb6 axb6 20. h5 Qb4 21. hxg6 Qxf4 22. Rxh7 Nc6 23. Rdh1 Qf1+ 24. Qd1 Qxd1+ 25. Nxd1 1-0